00370pab a2200133 454500008004000000100001800040245004300058260000900101300001600110362001000126650003800136650002800174773003400202180718b2006 xxu||||| |||| 00| 0 eng d aAcharya, Alka aA partnership of 'global significance' c2006 ap.4934-936. a2 Dec aIndia - Foreign relations - China aInternational relations aEconomic and Political Weekly